000 00362 a2200169 4500
001 171689
020 _a
040 _cMagnum
100 _aMachado, Ana Maria
240 1 0 _aRaul da ferrugem azul
_lpor
245 1 0 _aRaul da ferrugem azul
300 _a47
362 0 _a1979
440 1 _aSalamandra
697 _aLITERATURA INFANTO-JUVENIL
942 _cBK
999 _c171689
_d171689